Construction clients and mediation: (Record no. 121765)

MARC details
000 -LEADER
fixed length control field 01512cam a2200289 4500
008 - FIXED-LENGTH DATA ELEMENTS--GENERAL INFORMATION
fixed length control field 240105t2012 xxk 000 0 eng u
041 ## - LANGUAGE CODE
Language code of text/sound track or separate title eng
110 2# - MAIN ENTRY--CORPORATE NAME
Corporate name or jurisdiction name as entry element Royal Institution of Chartered Surveyors
9 (RLIN) 4900
245 00 - TITLE STATEMENT
Title Construction clients and mediation:
Remainder of title a follow-up study of attitudes and experience
Medium [electronic resource]
260 ## - PUBLICATION, DISTRIBUTION, ETC.
Place of publication, distribution, etc. London,
Name of publisher, distributor, etc. RICS,
Date of publication, distribution, etc. 2012
300 ## - PHYSICAL DESCRIPTION
Extent 26p.
490 #0 - SERIES STATEMENT
Series statement RICS Research
520 ## - SUMMARY, ETC.
Summary, etc. The principal aim then of this study was to explore <br/>construction participants’ [construction clients hereafter] <br/>awareness, attitudes and experiences relative to <br/>mediation, drawing upon quantitative and qualitative <br/>analyses of small and medium-sized contracting firms in <br/>Scotland. This was reflected in the main objectives of this <br/>research which were to evaluate the effectiveness of <br/>prevailing construction dispute resolution methods in <br/>Scotland; establish baseline information about the current <br/>extent of construction mediation activity in Scotland,
522 ## - GEOGRAPHIC COVERAGE NOTE
Geographic coverage note Scotland
650 24 - SUBJECT ADDED ENTRY--TOPICAL TERM
Topical term or geographic name entry element CONSTRUCTION
651 #4 - SUBJECT ADDED ENTRY--GEOGRAPHIC NAME
Geographic name DISPUTE RESOLUTION
662 ## - SUBJECT ADDED ENTRY--HIERARCHICAL PLACE NAME
Country or larger entity Scotland
690 ## - LOCAL SUBJECT ADDED ENTRY--TOPICAL TERM (OCLC, RLIN)
Topical term or geographic name as entry element RICS
9 (RLIN) 6277
700 1# - ADDED ENTRY--PERSONAL NAME
Personal name Agapiou, Andrew
700 1# - ADDED ENTRY--PERSONAL NAME
Personal name Clark, Bryan
700 1# - ADDED ENTRY--PERSONAL NAME
Personal name Eriksson, Clare
700 1# - ADDED ENTRY--PERSONAL NAME
Personal name Rowlands, James
700 1# - ADDED ENTRY--PERSONAL NAME
Personal name Johal, Amanprit
700 1# - ADDED ENTRY--PERSONAL NAME
Personal name Fielder, Auriel
856 48 - ELECTRONIC LOCATION AND ACCESS
Uniform Resource Identifier <a href="http://www.propertyresearchtrust.org/uploads/1/3/4/8/134819607/construction_clients_mediation_report.pdf">http://www.propertyresearchtrust.org/uploads/1/3/4/8/134819607/construction_clients_mediation_report.pdf</a>
Public note Available from the Property Research Trust
942 ## - ADDED ENTRY ELEMENTS (KOHA)
Suppress in OPAC 0
Source of classification or shelving scheme Dewey Decimal Classification
Holdings
Withdrawn status Lost status Damaged status Not for loan Home library Current library Shelving location Date acquired Total Checkouts Date last seen Price effective from Koha item type
        Virtual Virtual Online 05/01/2024   05/01/2024 05/01/2024 Online material